Central Library OPAC University of Rajshahi

The third Earl of Shaftesbury : (Record no. 18213)

MARC details
000 -LEADER
fixed length control field 01019nam a2200313 a 4500
001 - CONTROL NUMBER
control field 18213
003 - CONTROL NUMBER IDENTIFIER
rucl marc code BD-RjUL
005 - DATE AND TIME OF LATEST TRANSACTION
control field 20211209000243.0
008 - FIXED-LENGTH DATA ELEMENTS--GENERAL INFORMATION
fixed length control field 140219s1951 enkc b 001 0 eng d
035 ## - SYSTEM CONTROL NUMBER
System control number 52-05220
System control number (OCoLC)1738831
-- (BD-RjUL)18271
040 ## - CATALOGING SOURCE
Original cataloging agency Yale Univ. Library
Transcribing agency XFM
Modifying agency m.c
-- BD-RjUL
Language of cataloging eng
041 ## - LANGUAGE CODE
Language code of text/sound track or separate title eng
082 ## - DEWEY DECIMAL CLASSIFICATION NUMBER
Classification number 820.9
Author mark and year BRT 1951
100 1# - MAIN ENTRY--PERSONAL NAME
Personal name Brett, R. L.
9 (RLIN) 55211
245 14 - TITLE STATEMENT
Title The third Earl of Shaftesbury :
Remainder of title a study in eighteenth-century literary theory
260 ## - PUBLICATION, DISTRIBUTION, ETC. (IMPRINT)
Place of publication, distribution, etc. London :
Name of publisher, distributor, etc. Hutchinson's University Library,
Date of publication, distribution, etc. 1951
300 ## - PHYSICAL DESCRIPTION
Pagination xi, 231 p. :
Illustrations port ;
Size 24 cm
490 0# - SERIES STATEMENT
Series statement Senior series
500 ## - GENERAL NOTE
General note Includes index.
504 ## - BIBLIOGRAPHY, ETC. NOTE
Bibliography, etc "A complete list of Shaftesbury's published works": p. 224
600 10 - SUBJECT ADDED ENTRY--PERSONAL NAME
Personal name Shaftesbury, Anthony Ashley Cooper,
Titles and other words associated with a name Earl of,
Dates associated with a name 1671-1713.
650 #0 - SUBJECT ADDED ENTRY--TOPICAL TERM
Topical term or geographic name as entry element Aesthetics
9 (RLIN) 56067
Topical term or geographic name as entry element Creation (Literary, artistic, etc.)
9 (RLIN) 2740
942 ## - ADDED ENTRY ELEMENTS (KOHA)
Source of classification or shelving scheme Dewey Decimal Classification
Koha item type Books
Holdings
Lost status Source of classification or shelving scheme Damaged status Not for loan Collection code Permanent Location Current Location Shelving location Date acquired Source of acquisition Cost, normal purchase price Total Checkouts Full call number Date last seen Copy number Koha item type
  Dewey Decimal Classification   Not For Loan Fiction Central Library, University of Rajshahi Central Library, University of Rajshahi Reading Room 22/10/1990 Shukat osman 0.00   820.9 BRT 1951 19/02/2014 C-1 Books